Tous les pays ayant été au conseil de sécurité de l'ONU - Statistiques

Statistiques générales
  • Ce quiz a été pris 89 fois
    32 depuis la dernière actualisation
  • Le résultat moyen est 106 sur 143
Réponses sur la Carte
Les réponses sont colorées sur une échelle allant du rouge au vert en fonction du pourcentage des utilisateurs qui les ont devinées à leur premier essai. Vous pouvez retrouver ces pourcentages ci-dessous.
 
Statistiques - réponses
Hint Réponse % Correct
France
100%
Russie
96%
URSS
96%
Belgique
93%
1962 Canada
93%
Chine
93%
Danemark
93%
Etats-Unis
93%
Finlande
93%
Italie
93%
Japon
93%
Norvège
93%
Royaume-Uni
93%
Suède
93%
Taïwan
93%
Allemagne
89%
Allemagne de l'Ouest
89%
Australie
89%
Autriche
89%
Espagne
89%
Estonie
89%
Grèce
89%
1963 Inde
89%
Lettonie
89%
Lituanie
89%
1951 Pays-Bas
89%
1949 Pologne
89%
Portugal
89%
République Socialiste Soviétique d'Ukraine
89%
Roumanie
89%
Suisse
89%
Turquie
89%
Ukraine
89%
Afrique du Sud
85%
1948 Argentine
85%
1946 Brésil
85%
1956 Chili
85%
Irlande
85%
Kazakhstan
85%
1947 Mexique
85%
République Socialiste Soviétique de Biélorussie
85%
1952 Colombie
81%
Corée du Sud
81%
1950 Egypte
81%
Hongrie
81%
Indonésie
81%
Iran
81%
Maroc
81%
1965 Nouvelle-Zélande
81%
1957 Pérou
81%
Philippines
81%
République arabe unie
81%
République Tchèque
81%
Tunisie
81%
Albanie
78%
Algérie
78%
1960 Bolivie
78%
Bulgarie
78%
Croatie
78%
1953 Cuba
78%
Libye
78%
Madagascar
78%
Paraguay
78%
République démocratique du Congo
78%
Rwanda
78%
Thaïlande
78%
1961 Uruguay
78%
1959 Vénézuela
78%
Yémen
78%
Yémen du Sud
78%
Zaïre
78%
Bosnie-Herzégovine
74%
Cameroun
74%
1954 Equateur
74%
Gabon
74%
Guatemala
74%
Honduras
74%
Irak
74%
Kenya
74%
Liban
74%
Oman
74%
1958 Panama
74%
République du Congo
74%
Sénégal
74%
Slovaquie
74%
Soudan
74%
Syrie
74%
Viêt Nam
74%
Angola
70%
Côte d'Ivoire
70%
Emirats arabes unis
70%
Guinée
70%
Guyana
70%
Jamaïque
70%
Mali
70%
Mauritanie
70%
Niger
70%
Nigeria
70%
1964 Pakistan
70%
Slovénie
70%
Somalie
70%
Tanzanie
70%
Azerbaïdjan
67%
Costa Rica
67%
Ethiopie
67%
Gambie
67%
Luxembourg
67%
Malaisie
67%
Malte
67%
Namibie
67%
Qatar
67%
Tchad
67%
Cap-Vert
63%
Ghana
63%
Mozambique
63%
Ouganda
63%
Bangladesh
59%
Bénin
59%
Burkina Faso
59%
Djibouti
59%
Guinée-Bissau
59%
Guinée Equatoriale
59%
Jordanie
59%
Népal
59%
Nicaragua
59%
République Dominicaine
59%
Sri Lanka
59%
Zambie
59%
Zimbabwe
59%
Botswana
56%
Burundi
56%
Koweït
56%
Liberia
56%
Maurice
56%
Togo
56%
Sierra Leone
52%
Singapour
52%
Bahreïn
37%
Trinité-et-Tobago
37%
Yougoslavie
37%
Saint-Vincent-et-les-Grenadines
30%
Allemagne de l'Est
22%
Tchécoslovaquie
22%
Aucun quiz correspondant
Distribution des résultats
% des personnes avec chaque résultat
Percentile par nombre de réponses
Votre historique - résultats
Vous n’avez pas pris ce quiz depuis la dernière actualisation